| Tag |
First Indicator |
Second Indicator |
Subfields |
| LEADER |
00000cam a2200000 a 4500 |
| 001 |
in00000019961 |
| 005 |
20151007053758.0 |
| 008 |
870617s1987 nyua b 00110 eng |
| 010 |
|
|
|a 87017748
|
| 020 |
|
|
|a 0814734472 :
|c $60.00
|
| 035 |
|
|
|a (OCoLC)16278680
|
| 035 |
|
|
|9 AAB2791AM
|
| 040 |
|
|
|a DLC
|c DLC
|d TXA
|d UtOrBLW
|
| 043 |
|
|
|a e-uk---
|a n-us---
|
| 049 |
|
|
|a TXAM
|c [A11493823]
|
| 050 |
0 |
0 |
|a NK8440.2.G7
|b H56 1987
|
| 082 |
0 |
|
|a 749/.3
|2 19
|
| 100 |
1 |
|
|a Hinckley, F. Lewis.
|
| 245 |
1 |
0 |
|a Queen Anne & Georgian looking glasses :
|b with supplement on the distributors of colonial and early federal looking glasses /
|c F. Lewis Hinckley.
|
| 264 |
|
1 |
|a New York :
|b [Washington Mews Books],
|c [1987]
|
| 264 |
|
4 |
|c ©1987
|
| 300 |
|
|
|a 254 pages :
|b illustrations ;
|c 29 cm.
|
| 336 |
|
|
|a text
|b txt
|2 rdacontent
|
| 337 |
|
|
|a unmediated
|b n
|2 rdamedia
|
| 338 |
|
|
|a volume
|b nc
|2 rdacarrier
|
| 504 |
|
|
|a Includes bibliographical references and index.
|
| 650 |
|
0 |
|a Mirrors
|z Great Britain
|x History
|y 18th century.
|
| 650 |
|
0 |
|a Mirrors
|z Great Britain
|x History
|y 19th century.
|
| 650 |
|
0 |
|a Decoration and ornament
|z Great Britain
|x Queen Anne style.
|
| 650 |
|
0 |
|a Decoration and ornament
|z Great Britain
|x Georgian style.
|
| 650 |
|
0 |
|a Mirrors
|z United States
|x History
|y 18th century.
|
| 650 |
|
0 |
|a Mirrors
|z United States
|x History
|y 19th century.
|
| 650 |
|
0 |
|a Decoration and ornament
|z United States
|x Queen Anne style.
|
| 650 |
|
0 |
|a Decoration and ornament
|z United States
|x Georgian style.
|
| 650 |
|
0 |
|a Mirrors, Colonial
|z United States.
|
| 740 |
0 |
|
|a Queen Anne and Georgian looking glasses.
|
| 999 |
|
|
|a MARS
|
| 999 |
f |
f |
|s be2a62e2-e28a-3889-b6da-11e95b930a33
|i df2652ec-d2c4-39a1-9952-1c658512605d
|t 0
|
| 952 |
f |
f |
|p ric
|a Texas A&M University
|b Rellis Campus
|c Joint Library Facility
|d Remote Storage
|t 0
|e NK8440.2.G7 H56 1987
|h Library of Congress classification
|i unmediated -- volume
|m A14811493823
|
| 998 |
f |
f |
|a NK8440.2.G7 H56 1987
|t 0
|l Remote Storage
|